000 00677nam a22002417a 4500
001 BINCO
003 CO-MdBIC
005 20220427161010.0
008 220427b2001 ag a|||| |||| 00| 0 spa d
020 _a9789501114812
040 _aCO-MdBIC
_bspa.
_cCO-MdBIC
_dCO-MdBIC
041 _aspa
082 _222
_a863
_bSU964
100 _a Susana, Eva
245 _a El gusano bailarín
_c/Susana, Eva, escritora
260 1 _aBuenos Aires, Argentina:
_bsigmar,
_c[2001]
260 4 _a© 2001
300 _a10 paginas;
_bilustraciones a color:
_c11 cm.
490 _atítere
650 7 _9100
_aEducación infantil
700 _aCanals, Sonia. ‎
_eilustradora
942 _cLGB
999 _c67824
_d67824